00285nam a2200121Ia 4500008004100000041000900041082001800050100002100068245001900089260003900108300000800147650000800155230718s9999 xx 000 0 und d aEng. a343.54bMAH-C aMahmmod,EHTISHAM 0aCourt fees act aPakistanbManzoor book housec2013 a168 aLaw